| 000 | 00904 a2200181 4500 | ||
|---|---|---|---|
| 003 | Nust | ||
| 005 | 20230123093606.0 | ||
| 020 | _a0706988523 | ||
| 040 | _cNust | ||
| 082 | _a370.78,KOU | ||
| 100 |
_aKoul,Lokesh _9450 |
||
| 245 |
_aMethodology of educational research / _cLokesh Koul |
||
| 260 |
_aNew Delhi _bVikaas _c2006 |
||
| 300 | _a543 | ||
| 505 | _aIntroduction (Page-1), Areas of Educational Research (Page-24), The Research Problems and Preparation of the research (Page-63), Review of the Related Literature (Page-88), Data Collection (Page-109), Qualities Data Analysis (Page-187), Quantum Data Analysis (Page-207), Statistical Methods (Page-220), Inferential Statics (Page-304) The Research Report (Page-385), Methods of Educational Research (Page-416), The Descriptive Method (Page-430), Experimental Method (Page-463). | ||
| 650 |
_aMethodology _9107343 |
||
| 942 |
_2ddc _cBK _k370.78,KOU |
||
| 999 |
_c176868 _d176868 |
||